000 00353nam a2200133Ia 4500
008 231017s9999 xx 000 0 und d
082 _a388.1120994
082 _bBOY
245 2 _aA Review of Current Practice for Industry Contributions to Local Road Costs (AP-R240)
245 0 _cAustroads
260 _bAustroads
300 _c30cm
942 _cREP
999 _c604294
_d604294